Statistiche per Rosa Italia 2014

Clicka qui per fare il quiz!

Statistiche generali

  • Questo quiz è stato fatto 47 volte
  • Il punteggio medio è 17 su 23

Statistiche sulle risposte

RuoloClub dell'epocaCalciatore% Corretto
PortiereJuventusGianluigi Buffon
100%
Paris Saint-GermainSalvatore Sirigu
98%
JuventusGiorgio Chiellini
95%
JuventusLeonardo Bonucci
93%
GenoaMattia Perin
93%
JuventusAndrea Barzagli
88%
Paris Saint-GermainMarco Verratti
86%
TorinoCiro Immobile
81%
JuventusClaudio Marchisio
79%
CentrocampistaParis-Saint GermainThiago Motta
79%
RomaDaniele De Rossi
77%
JuventusAndrea Pirlo
72%
NapoliLorenzo Insigne
72%
AttaccanteMilanMario Balotelli
72%
DifensoreMilanMattia De Sciglio
65%
MilanIgnazio Abate
63%
TorinoMatteo Darmian
63%
TorinoAlessio Cerci
58%
ParmaAntonio Cassano
58%
ParmaMarco Parolo
53%
LazioAndrea Candreva
44%
ParmaGabriel Paletta
35%
FiorentinaAlberto Aquilani
28%

Distribuzione punteggi

Percentile per numero di risposta

Percentuale di utenti per punteggio

I tuoi punteggi nel tempo

Non hai fatto questo quiz